00502nam a22001577a 450000500170000001000150001702000260003203500140005803700150007208200100008710000230009724500680012026000410018827000830022930000320031220220919160616.0  aENG-135128  a9789383514106c595.00  aEN-118660  bDBAD / PUB  a510.1  aRam Awadhesh Kumar  aMathematical Models :bPopulation Genetics /cRam Awadesh Kumar  aNew DelhibLucky Internationalc2017  aH-16/1922, Sangam ViharbNew Delhi e110080k7838260289mluckybk05@yahoo.co.in  a110p. c23cm(hb)bReference